[Event "5th EKA IIFL Investment 2019"]
[Site "Mumbai"]
[Date "2020.01.04"]
[Round "6.52"]
[White "Jay Kundaliya"]
[Black "Souhardo Basak"]
[Result "0-1"]
[WhiteElo "2088"]
[BlackElo "2254"]
[Annotator "ChessBase"]
[PlyCount "93"]
[EventDate "2019.12.30"]
[EventType "swiss"]
[EventCountry "IND"]
[SourceTitle "playchess.com"]
[Source "ChessBase"]
[SourceQuality "1"]
[TimeControl "40/5400+30:1800+30"]

1. d4 {[%emt 0:00:29]} Nf6 {[%emt 0:00:00]} 2. c4 {[%emt 0:00:05]} e6 {[%emt 0:00:00]} 3. g3 {[%emt 0:00:06]} d5 {[%emt 0:00:12]} 4. Bg2 {[%emt 0:02:39]} Be7 {[%emt 0:00:07]} 5. Nf3 {[%emt 0:00:39]} O-O {[%emt 0:00:07]} 6. O-O {[%emt 0:01:02]} dxc4 {[%emt 0:00:06]} 7. Qc2 {[%emt 0:03:10]} a6 {[%emt 0:00:05]} 8. a4 {[%emt 0:00:11]} Bd7 {[%emt 0:00:03]} 9. Qxc4 {[%emt 0:09:20]} Bc6 {[%emt 0:00:06]} 10. Bf4 {[%emt 0:01:24]} Bd6 {[%emt 0:00:39]} 11. Nc3 {[%emt 0:04:51]} Bxf4 {[%emt 0:00:43]} 12. gxf4 {[%emt 0:00:05]} a5 {[%emt 0:02:08]} 13. Rfe1 {[%emt 0:10:35]} Qd6 {[%emt 0:28:21]} 14. e3 {[%emt 0:04:56]} Bxf3 {[%emt 0:04:02]} 15. Bxf3 {[%emt 0:00:12]} c6 {[%emt 0:00:03]} 16. Kh1 {[%emt 0:11:07]} Ra6 {[%emt 0:05:55]} 17. Qf1 {[%emt 0:11:02]} Rb6 {[%emt 0:05:14]} 18. Rab1 {[%emt 0:00:34]} Na6 {[%emt 0:17:04]} 19. Qh3 {[%emt 0:07:09]} Nb4 {[%emt 0:04:40]} 20. Rg1 {[%emt 0:01:25]} g6 {[%emt 0:01:15]} 21. Qh4 {[%emt 0:02:02]} Qd8 {[%emt 0:03:42]} 22. Rgd1 {[%emt 0:16:13]} Nfd5 {[%emt 0:00:42]} 23. Qxd8 {[%emt 0:01:14]} Rxd8 {[%emt 0:00:02]} 24. Ne4 {[%emt 0:01:13]} Na6 {[%emt 0:02:26]} 25. Rdc1 {[%emt 0:02:12]} Rb4 {[%emt 0:01:35]} 26. b3 {[%emt 0:01:25]} Kf8 {[%emt 0:03:31]} 27. Be2 {[%emt 0:01:20]} Ra8 {[%emt 0:00:55]} 28. Nd6 {[%emt 0:01:25]} Ke7 {[%emt 0:01:25]} 29. Nc4 {[%emt 0:00:17]} Nb8 {[%emt 0:02:56]} 30. Ne5 {[%emt 0:01:06]} Nd7 {[%emt 0:00:31]} 31. Nd3 {[%emt 0:01:06]} Rb6 {[%emt 0:00:01]} 32. Kg2 {[%emt 0:00:41]} Nb4 {[%emt 0:02:35]} 33. Nc5 {[%emt 0:00:16]} Nd5 {[%emt 0:00:15]} 34. Ne4 {[%emt 0:00:30]} Rb4 {[%emt 0:00:42]} 35. Kf3 {[%emt 0:01:47]} b5 {[%emt 0:01:08]} 36. Bd1 {[%emt 0:02:49]} f5 {[%emt 0:03:40]} 37. Nd2 {[%emt 0:00:05]} Kd6 {[%emt 0:00:04]} 38. Ra1 {[%emt 0:00:36]} N5b6 {[%emt 0:04:25]} 39. Ra2 {[%emt 0:00:28]} bxa4 {[%emt 0:00:18]} 40. bxa4 {[%emt 0:00:00]} c5 {[%emt 0:00:00]} 41. dxc5+ {[%emt 0:08:40]} Nxc5 {[%emt 0:00:05]} 42. Rca1 {[%emt 0:02:46]} e5 {[%emt 0:01:23]} 43. fxe5+ {[%emt 0:00:14]} Kxe5 {[%emt 0:00:02]} 44. Kg2 {[%emt 0:01:02]} Ne4 {[%emt 0:01:18]} 45. f4+ {[%emt 0:03:22]} Kf6 {[%emt 0:00:30]} 46. Kf3 {[%emt 0:08:55] Ke5 Kg2+ Kf6 Nxe4+ fxe4 Rc1} Rd8 {[%emt 0:35:54] Rc6+ Kg7 Rc7+ Kh6 Bg4 Nd5 Rd7 Nxe3+ Kg3 Rxd7 Bxd7 Rd4 Bc6 Nf5+ Kg4 e3 Re2 Rd2 Re1 Rxh2 Bd7 Rg2+ Kf3 Rg3+ Ke4 Nd6+ Kd5 Nb7 Kc6 Nd8+ Kb6 g5 fxg5+ Kxg5 Kxa5 Kf4 Kb6 Rg6+ Kc5 Kf3 Bb5 Ne6+ Kb4 Nf4 a5 e2 a6 Kf2 a7 Rg8 Rxe2+ Nxe2 Bc6 h5 a8=Q Rxa8 Bxa8} 47. h4 {[%emt 0:00:00] Kc4 h3 Bh1 Kg1 Bf3 Nf4} 0-1

[Event "5th EKA IIFL Investment 2019"]
[Site "Mumbai"]
[Date "2020.01.04"]
[Round "6.53"]
[White "Vatsal Singhania"]
[Black "Aakash Sharadchandra, Dalvi"]
[Result "1-0"]
[WhiteElo "2252"]
[BlackElo "2107"]
[Annotator "ChessBase"]
[PlyCount "55"]
[EventDate "2019.12.30"]
[EventType "swiss"]
[EventCountry "IND"]
[SourceTitle "playchess.com"]
[Source "ChessBase"]
[SourceQuality "1"]
[TimeControl "40/5400+30:1800+30"]

1. e4 c5 2. Nf3 d6 3. d4 cxd4 4. Nxd4 Nf6 5. Nc3 a6 6. Be2 e6 7. O-O Qc7 8. f4 b5 9. Bf3 Bb7 10. e5 dxe5 11. fxe5 Nfd7 12. Bxb7 Qxb7 13. Qh5 g6 14. Qh4 Bg7 15. Ne4 Bxe5 16. Nf3 Qb6+ 17. Kh1 Bg7 18. Bh6 O-O 19. Rad1 f6 20. Rd6 Qc7 21. Bxg7 Kxg7 22. Nd4 Kg8 23. Nxe6 Qc4 24. Rf2 Rf7 25. b3 Qc8 26. Nxf6+ Rxf6 27. Rxf6 Qxc2 28. Rf1 1-0

[Event "5th EKA IIFL Investment 2019"]
[Site "Mumbai"]
[Date "2020.01.04"]
[Round "6.54"]
[White "Kamdar Udit"]
[Black "Raahul V S"]
[Result "0-1"]
[WhiteElo "2107"]
[BlackElo "2252"]
[Annotator "NA"]
[PlyCount "62"]
[EventDate "2019.12.30"]
[EventType "swiss"]
[EventCountry "IND"]
[SourceTitle "playchess.com"]
[Source "ChessBase"]
[SourceQuality "1"]
[TimeControl "40/5400+30:1800+30"]

1. d4 Nf6 2. c4 c6 3. Nc3 d5 4. Nf3 e6 5. e3 Bd6 6. Qc2 Nbd7 7. b3 O-O 8. Bd3 b6 9. O-O Ba6 10. Bb2 Rc8 11. Rac1 Re8 12. e4 dxc4 13. bxc4 e5 14. d5 Nc5 15. dxc6 Rxc6 16. Nb5 Bb8 17. Rfd1 Qc8 18. Nd2 Nh5 19. Bf1 Nf4 20. Nb1 Rg6 21. f3 Nxe4 22. fxe4 Qc5+ 23. Kh1 Nh3 24. Nd4 exd4 25. Bxd4 Qc7 26. g3 Ng5 27. Bg2 Nxe4 28. Re1 f5 29. Nc3 Bb7 30. Nd5 Bxd5 31. cxd5 Nxg3+ {Red1} 0-1

[Event "5th EKA IIFL Investment 2019"]
[Site "Mumbai"]
[Date "2020.01.04"]
[Round "6.55"]
[White "Sapaev, Maksad"]
[Black "Parnali, S Dharia"]
[Result "0-1"]
[WhiteElo "2250"]
[BlackElo "2102"]
[Annotator "ChessBase"]
[PlyCount "164"]
[EventDate "2019.12.30"]
[EventType "swiss"]
[EventCountry "IND"]
[SourceTitle "playchess.com"]
[Source "ChessBase"]
[SourceQuality "1"]
[TimeControl "40/5400+30:1800+30"]

1. e4 e5 2. Nf3 Nc6 3. Bb5 a6 4. Ba4 Nf6 5. O-O b5 6. Bb3 Bc5 7. Nxe5 Nxe5 8. d4 Bxd4 9. Qxd4 d6 10. c3 O-O 11. Bg5 h6 12. Bh4 c5 13. Qd1 Ng6 14. Bxf6 Qxf6 15. Nd2 Nf4 16. Qf3 Qg5 17. Kh1 c4 18. Bc2 Nxg2 19. Rg1 Nh4 20. Rxg5 Nxf3 21. Rd5 Bg4 22. h3 Nxd2 23. hxg4 Nf3 24. Kg2 Ne5 25. Kg3 Rfd8 26. Rad1 Kf8 27. f4 Nd3 28. Bxd3 cxd3 29. R1xd3 Ke7 30. R3d4 Rab8 31. Kf3 f6 32. Ke3 Rb6 33. Kd2 Rc8 34. a3 g5 35. e5 fxe5 36. fxe5 dxe5 37. Rxe5+ Re6 38. Rde4 Rxe5 39. Rxe5+ Kf6 40. Rf5+ Kg6 41. Rd5 Rc6 42. Rd8 Kf6 43. Ke3 Ke5 44. Rh8 Kd5 45. Kd3 Ke5 46. Rd8 Kf4 47. Rd4+ Kf3 48. a4 bxa4 49. Rxa4 h5 50. gxh5 g4 51. Ra5 g3 52. Rg5 Rd6+ 53. Kc4 g2 54. b4 Rh6 55. b5 Rxh5 56. Rxh5 g1=Q 57. Rd5 Qf1+ 58. Kd4 Qf2+ 59. Kc4 Qe2+ 60. Kb4 a5+ 61. Kc5 Qe7+ 62. Kc4 Qc7+ 63. Rc5 Qf7+ 64. Kd4 a4 65. Rc6 Qa7+ 66. b6 Qd7+ 67. Kc5 Qe7+ 68. Kb5 Qd7 69. Kc5 a3 70. Rc7 Qf5+ 71. Kb4 a2 72. Ra7 Qb1+ 73. Kc5 a1=Q 74. Rxa1 Qxa1 75. c4 Qa8 76. Kd6 Qb8+ 77. Kc6 Ke4 78. b7 Ke5 79. c5 Ke6 80. Kb6 Kd5 81. c6 Kd6 82. Kb5 Qa7 0-1

[Event "5th EKA IIFL Investment 2019"]
[Site "Mumbai"]
[Date "2020.01.04"]
[Round "6.56"]
[White "Panesar Vedant"]
[Black "Tarini Goyal"]
[Result "1/2-1/2"]
[WhiteElo "2247"]
[BlackElo "2098"]
[Annotator "ChessBase"]
[PlyCount "80"]
[EventDate "2019.12.30"]
[EventType "swiss"]
[EventCountry "IND"]
[SourceTitle "playchess.com"]
[Source "ChessBase"]
[SourceQuality "1"]
[TimeControl "40/5400+30:1800+30"]

1. e4 {[%emt 0:02:25]} c5 {[%emt 0:00:00]} 2. Nf3 {[%emt 0:01:13]} Nc6 {[%emt 0:00:00]} 3. d4 {[%emt 0:00:08]} cxd4 {[%emt 0:00:02]} 4. Nxd4 {[%emt 0:00:03]} g6 {[%emt 0:00:09]} 5. c4 {[%emt 0:00:09]} Bg7 {[%emt 0:00:06]} 6. Be3 {[%emt 0:00:05]} Nf6 {[%emt 0:00:05]} 7. Nc3 {[%emt 0:00:03]} O-O {[%emt 0:00:10]} 8. f3 {[%emt 0:01:02]} Qb6 {[%emt 0:10:35]} 9. Na4 {[%emt 0:14:04]} Qa5+ {[%emt 0:01:21]} 10. Bd2 {[%emt 0:00:30]} Qd8 {[%emt 0:01:57]} 11. Be3 {[%emt 0:03:14]} Qa5+ {[%emt 0:03:13]} 12. Bd2 {[%emt 0:00:06]} Qd8 {[%emt 0:00:07]} 13. Bc3 {[%emt 0:09:16]} d6 {[%emt 0:02:11]} 14. Nxc6 {[%emt 0:05:55]} bxc6 {[%emt 0:00:09]} 15. c5 {[%emt 0:02:14]} d5 {[%emt 0:17:41]} 16. e5 {[%emt 0:07:08]} Ne8 {[%emt 0:03:06]} 17. Qd2 {[%emt 0:20:46]} Qc7 {[%emt 0:00:40]} 18. f4 {[%emt 0:00:10]} f6 {[%emt 0:00:15]} 19. exf6 {[%emt 0:00:33]} Bxf6 {[%emt 0:05:03]} 20. g3 {[%emt 0:00:28]} e5 {[%emt 0:06:35]} 21. fxe5 {[%emt 0:00:12]} Bxe5 {[%emt 0:00:15]} 22. O-O-O {[%emt 0:00:53]} Bf5 {[%emt 0:02:08]} 23. Bd3 {[%emt 0:02:16]} Ng7 {[%emt 0:00:15]} 24. Bxe5 {[%emt 0:01:58]} Qxe5 {[%emt 0:00:07]} 25. Rhe1 {[%emt 0:00:36]} Qd4 {[%emt 0:07:40]} 26. Qc2 {[%emt 0:02:38]} Qb4 {[%emt 0:03:02]} 27. Bxf5 {[%emt 0:01:50]} Rxf5 {[%emt 0:03:51]} 28. Re7 {[%emt 0:02:44]} Raf8 {[%emt 0:21:14]} 29. Qc3 {[%emt 0:02:20]} Qxc3+ {[%emt 0:00:31]} 30. Nxc3 {[%emt 0:00:02]} R8f7 {[%emt 0:03:49]} 31. Rde1 {[%emt 0:00:59]} Rf2 {[%emt 0:00:51]} 32. R7e2 {[%emt 0:01:45]} Rxe2 {[%emt 0:02:19]} 33. Rxe2 {[%emt 0:00:01]} Rf1+ {[%emt 0:00:20]} 34. Kd2 {[%emt 0:00:34]} Kf7 {[%emt 0:00:30]} 35. b4 {[%emt 0:00:23]} Ne6 {[%emt 0:00:46]} 36. a4 {[%emt 0:04:29]} Nd4 {[%emt 0:01:52]} 37. Rg2 {[%emt 0:01:07]} a6 {[%emt 0:01:09]} 38. Kd3 {[%emt 0:02:18]} Ne6 {[%emt 0:00:25]} 39. Re2 {[%emt 0:01:05]} Rf3+ {[%emt 0:03:29]} 40. Kd2 {[%emt 0:00:00]} Nd4 {[%emt 0:00:00]} 1/2-1/2

[Event "5th EKA IIFL Investment 2019"]
[Site "Mumbai"]
[Date "2020.01.04"]
[Round "6.57"]
[White "Kumar, Gaurav"]
[Black "Wagh Suyog"]
[Result "1/2-1/2"]
[WhiteElo "2075"]
[BlackElo "2219"]
[Annotator "ChessBase"]
[PlyCount "137"]
[EventDate "2019.12.30"]
[EventType "swiss"]
[EventCountry "IND"]
[SourceTitle "playchess.com"]
[Source "ChessBase"]
[SourceQuality "1"]
[TimeControl "40/5400+30:1800+30"]

1. e4 c6 2. d4 d5 3. Nd2 dxe4 4. Nxe4 Nf6 5. Nxf6+ exf6 6. c3 Bd6 7. Qc2 O-O 8. Bd3 Re8+ 9. Ne2 h5 10. Be3 Nd7 11. Ng3 Nb6 12. Nxh5 Nd5 13. O-O-O Rxe3 14. fxe3 Nxe3 15. Qe2 Nxd1 16. Rxd1 g6 17. Ng3 f5 18. Bc4 Bd7 19. Rf1 Qh4 20. Ne4 Bf8 21. Nc5 Re8 22. Qf2 Qxf2 23. Rxf2 Bc8 24. Re2 Rxe2 25. Bxe2 Bxc5 26. dxc5 Kg7 27. a4 Kf6 28. a5 a6 29. Kd2 Ke5 30. g3 Ke4 31. Bd1 Be6 32. Ke2 f4 33. Bc2+ Ke5 34. gxf4+ Kxf4 35. Kf2 g5 36. b4 Bc4 37. Bb1 g4 38. Bc2 f5 39. Bb1 Kg5 40. Bc2 Kf4 41. Bb1 Ke5 42. Kg3 Be6 43. Bc2 f4+ 44. Kf2 Bf5 45. Bd1 Kf6 46. Be2 Kg5 47. Bc4 Kh4 48. Bf1 Be4 49. Bc4 g3+ 50. hxg3+ fxg3+ 51. Kg1 Bf5 52. Be2 Kg5 53. Bf3 Kf4 54. Bg2 Ke3 55. b5 axb5 56. a6 bxa6 57. Bxc6 Bc8 58. Be8 Kd2 59. c6 a5 60. Bd7 Ba6 61. c7 Kxc3 62. Bxb5 Bc8 63. Kg2 Kb4 64. Be8 a4 65. Bxa4 Kxa4 66. Kxg3 Kb5 67. Kf4 Kc6 68. Ke5 Kxc7 69. Ke4 1/2-1/2

[Event "5th EKA IIFL Investment 2019"]
[Site "Mumbai"]
[Date "2020.01.04"]
[Round "6.58"]
[White "Kavinda, Akila"]
[Black "Ziatdinov, Raset"]
[Result "1-0"]
[WhiteElo "2022"]
[BlackElo "2204"]
[Annotator "ChessBase"]
[PlyCount "67"]
[EventDate "2019.12.30"]
[EventType "swiss"]
[EventCountry "IND"]
[SourceTitle "playchess.com"]
[Source "ChessBase"]
[SourceQuality "1"]
[TimeControl "40/5400+30:1800+30"]

1. d4 Nf6 2. Nf3 e6 3. c4 c5 4. g3 b6 5. Bg2 Bb7 6. O-O cxd4 7. Qxd4 Nc6 8. Qf4 d5 9. Rd1 Bd6 10. Qh4 Nb4 11. Nc3 Be7 12. Bg5 Qb8 13. a3 Na6 14. cxd5 exd5 15. Nd4 Qe5 16. Bf4 Qh5 17. Qxh5 Nxh5 18. Nxd5 Nxf4 19. gxf4 Bxd5 20. Bxd5 Rd8 21. Nc6 Rd6 22. Bc4 Nc5 23. Rxd6 Bxd6 24. Rd1 Be7 25. f3 a5 26. b4 axb4 27. axb4 Ne6 28. Bxe6 fxe6 29. Ra1 Bf8 30. Ra8+ Kd7 31. Ne5+ Kc7 32. Kg2 b5 33. Nf7 Rg8 34. Ng5 1-0

[Event "5th EKA IIFL Investment 2019"]
[Site "Mumbai"]
[Date "2020.01.04"]
[Round "6.59"]
[White "Praveen Kumar C"]
[Black "Rathneesh R"]
[Result "1/2-1/2"]
[WhiteElo "2199"]
[BlackElo "2064"]
[Annotator "NA"]
[PlyCount "80"]
[EventDate "2019.12.30"]
[EventType "swiss"]
[EventCountry "IND"]
[SourceTitle "playchess.com"]
[Source "ChessBase"]
[SourceQuality "1"]
[TimeControl "40/5400+30:1800+30"]

1. d4 {[%emt 0:00:00]} Nf6 {[%emt 0:00:00]} 2. c4 {[%emt 0:00:00]} e6 {[%emt 0:00:09]} 3. g3 {[%emt 0:00:09]} d5 {[%emt 0:00:25]} 4. Nf3 {[%emt 0:00:07]} Be7 {[%emt 0:00:20]} 5. Bg2 {[%emt 0:00:09]} O-O {[%emt 0:00:15]} 6. O-O {[%emt 0:00:07]} dxc4 {[%emt 0:00:40]} 7. Qc2 {[%emt 0:00:06]} a6 {[%emt 0:00:21]} 8. Qxc4 {[%emt 0:00:17]} b5 {[%emt 0:00:51]} 9. Qc2 {[%emt 0:00:08]} Bb7 {[%emt 0:00:13]} 10. Bd2 {[%emt 0:00:08]} Be4 {[%emt 0:00:59]} 11. Qb3 {[%emt 0:03:35]} c5 {[%emt 0:07:25]} 12. dxc5 Nbd7 {[%emt 0:01:47]} 13. Be3 {[%emt 0:17:43]} Nxc5 {[%emt 0:05:13]} 14. Bxc5 {[%emt 0:00:37]} Bxc5 {[%emt 0:00:24]} 15. Nc3 {[%emt 0:00:07]} Bb7 {[%emt 0:18:49]} 16. Ne5 {[%emt 0:02:31]} Bxg2 {[%emt 0:01:46]} 17. Kxg2 {[%emt 0:00:11]} Bd4 {[%emt 0:09:15]} 18. Rad1 {[%emt 0:10:25]} Qb6 {[%emt 0:02:55]} 19. Nf3 {[%emt 0:01:17]} Bxc3 {[%emt 0:03:51]} 20. Qxc3 {[%emt 0:00:09]} Rac8 {[%emt 0:02:21]} 21. Qd4 {[%emt 0:06:44]} Qxd4 {[%emt 0:05:27]} 22. Nxd4 {[%emt 0:03:39]} e5 {[%emt 0:06:30]} 23. Nf3 {[%emt 0:06:07]} Rc2 {[%emt 0:00:54]} 24. Rd2 {[%emt 0:00:28]} Rxd2 {[%emt 0:02:26]} 25. Nxd2 {[%emt 0:00:02]} Rc8 {[%emt 0:01:19]} 26. Nb3 {[%emt 0:00:27]} Kf8 {[%emt 0:01:58]} 27. Rc1 {[%emt 0:00:52]} Rxc1 {[%emt 0:02:13]} 28. Nxc1 {[%emt 0:00:02]} Ke7 {[%emt 0:00:17]} 29. f3 {[%emt 0:00:22]} Kd6 {[%emt 0:00:09]} 30. Kf2 {[%emt 0:00:09]} Nd7 {[%emt 0:00:40]} 31. Ke3 {[%emt 0:00:10]} Nf6 {[%emt 0:00:04]} 32. Nd3 {[%emt 0:00:16]} Nd5+ {[%emt 0:00:07]} 33. Kd2 {[%emt 0:00:06]} a5 {[%emt 0:00:20]} 34. Nf2 {[%emt 0:00:08]} h6 {[%emt 0:00:25]} 35. Ne4+ {[%emt 0:00:11]} Kc6 {[%emt 0:00:01]} 36. Nc3 {[%emt 0:00:11]} Nxc3 {[%emt 0:00:29]} 37. Kxc3 {[%emt 0:00:04]} Kc5 {[%emt 0:00:05]} 38. e4 {[%emt 0:00:08]} Kc6 {[%emt 0:00:11]} 39. a3 {[%emt 0:00:05]} Kc5 40. b4+ {[%emt 0:00:00]} axb4+ {[%emt 0:00:00]} 1/2-1/2

[Event "5th EKA IIFL Investment 2019"]
[Site "Mumbai"]
[Date "2020.01.05"]
[Round "7.1"]
[White "Nitin, S.."]
[Black "Gupta, Abhijeet"]
[Result "1/2-1/2"]
[WhiteElo "2347"]
[BlackElo "2603"]
[Annotator "TA"]
[PlyCount "80"]
[EventDate "2019.12.30"]
[EventType "swiss"]
[EventCountry "IND"]
[SourceTitle "playchess.com"]
[Source "ChessBase"]
[SourceQuality "1"]

{[%evp 9,80,19,22,18,18,16,29,22,28,0,4,7,2,8,14,0,8,0,0,2,14,14,10,0,0,0,3,0,0,0,0,1,16,17,15,0,0,0,77,66,62,25,24,20,30,14,25,17,15,0,0,-7,-7,-7,-7,-7,-7,-17,-20,-20,-20,-21,-20,-20,-20,-20,-7,-20,-7,-20,-7,-20,-7]} 1. e4 c5 2. Nf3 d6 3. Bb5+ Nd7 4. Ba4 Ngf6 5. O-O g6 6. Re1 {B51: Sicilian: Moscow Variation (3 Bb5+) without 3...Bd7} Bg7 7. c3 O-O 8. d4 {White has an edge.} e5 9. Bxd7 Nxd7 10. dxe5 Nxe5 $146 ({Predecessor:} 10... dxe5 11. c4 Nb8 {1-0 (55) Vachier Lagrave,M (2774)-Wei,Y (2721) chess.com INT 2019}) 11. Nxe5 dxe5 12. Be3 c4 (12... b6 {seems wilder.} 13. c4 f5 14. f3 Be6 15. b3 f4) 13. Na3 Be6 14. Qxd8 Raxd8 15. Nb5 Rd3 16. Nc7 Bd7 17. Nd5 a5 18. Rad1 f5 $1 19. f3 fxe4 20. fxe4 Bg4 21. Rxd3 cxd3 22. h3 Be2 $1 23. c4 a4 {[#]} (23... Bf6 $11) 24. Nc3 $1 $16 Rc8 25. c5 Bf8 26. Nxa4 {Black should prevent b4.} d2 27. Bxd2 Bb5 28. Nc3 Bxc5+ {The position is equal.} 29. Be3 Bb4 30. Rc1 (30. Rb1 {is more complex.} Bxc3 31. bxc3 Bc6 32. Rb4 Ra8 33. a4) 30... Bxc3 31. Rxc3 Rxc3 32. bxc3 $11 {[%mdl 4096] Endgame KB-KB} Bc6 33. Bc5 Kf7 34. Kf2 Bxe4 35. g3 Ke6 36. Ke3 Bg2 37. h4 Bd5 38. a3 h5 39. Bf8 Kf5 40. Bd6 Bc6 {Accuracy: White = 52%, Black = 59%.} 1/2-1/2

[Event "5th EKA IIFL Investment 2019"]
[Site "Mumbai"]
[Date "2020.01.05"]
[Round "7.2"]
[White "Mohammad Fahad, Rahman"]
[Black "Vaibhav, Suri"]
[Result "1/2-1/2"]
[WhiteElo "2300"]
[BlackElo "2593"]
[Annotator "TA"]
[PlyCount "82"]
[EventDate "2019.12.30"]
[EventType "swiss"]
[EventCountry "IND"]
[SourceTitle "playchess.com"]
[Source "ChessBase"]
[SourceQuality "1"]

{[%evp 11,82,5,18,34,41,31,57,37,17,29,76,62,64,64,79,62,74,0,0,0,0,0,4,4,3,0,0,0,0,0,0,0,0,-14,-4,-14,87,87,96,0,0,0,0,0,0,0,0,0,0,0,0,0,0,0,0,0,0,0,0,0,0,0,0,0,0,0,0,0,0,0,0,0,0]} 1. e4 c5 2. Nf3 d6 3. d4 cxd4 4. Nxd4 Nf6 5. f3 e5 6. Nb3 d5 7. Bg5 {B55: Sicilian: 2...d6 3 d4 cxd4 4 Nxd4 Nf6 5 f3} d4 (7... Be6 8. Bxf6 gxf6 9. exd5 Qxd5 10. Qxd5 Bxd5 11. Nc3 Be6 12. Nb5 Kd8 13. O-O-O+ Kc8 14. Nc3 Nd7 15. Nd5 h5 16. Bb5 Bxd5 17. Bxd7+ Kxd7 18. Rxd5+ Ke6 19. Rhd1 h4 20. Kb1 Rg8 21. c4 Rxg2 22. Nd4+ Ke7 23. f4 Rxh2 24. Nf5+ Ke6 25. Nd4+ Ke7 26. Nf5+ Ke6 {½-½ (26) Nabaty,T (2690)-Sjugirov,S (2652) Batumi 2018}) 8. c3 {[%cal Rc3d4]} a5 9. Bb5+ $146 {White is slightly better.} ({Predecessor:} 9. a4 h6 10. Bh4 Be6 11. Bb5+ Nc6 12. N1d2 dxc3 13. bxc3 Be7 14. O-O O-O {½-½ (48) Horvat,D (2068)-Ostovic,M (2372) Zagreb 2018}) 9... Nc6 10. a4 h6 11. Bxf6 Qxf6 12. cxd4 $1 {Black must now prevent d5.} Bb4+ 13. Nc3 $1 O-O {[%cal Re5d4] [#]} 14. O-O (14. d5 $1 $16) 14... Nxd4 $11 15. Nd5 Qd6 16. Bc4 Be6 17. Kh1 Bc5 18. Nxd4 Bxd4 19. Qe2 Rac8 20. Rad1 f5 21. b3 f4 22. Qe1 b6 23. g3 {Strongly threatening gxf4.} Qc5 (23... Bxd5 $11 {remains equal.} 24. exd5 Be3) 24. gxf4 $16 exf4 {[#]} 25. Nxb6 (25. Qd2 $1 $16 {[%cal Rd2d4]} Be5 26. Qf2) 25... Qxb6 $11 {[#]The position is equal.} 26. Rxd4 $1 {[%mdl 512]} Bxc4 (26... Qxd4 27. Bxe6+) 27. Rxc4 Qxb3 28. Rxc8 Rxc8 29. Qxa5 Rc1 30. Rxc1 Qxf3+ {[%mdl 4160] Endgame Double Attack} 31. Kg1 Qe3+ {[%mdl 64] Double Attack} 32. Kg2 Qe2+ 33. Kg1 Qe3+ {[%mdl 64] Double Attack} 34. Kg2 Qxe4+ 35. Kf2 {Threatens to win with Qc5.} Qe3+ {[%mdl 64] Double Attack} 36. Kg2 {White wants to mate with Qd5+.} Qxc1 37. Qd5+ Kf8 38. Qf5+ Ke7 39. Qe5+ Kf7 40. Qf5+ Ke7 41. Qe5+ Kf7 {Accuracy: White = 69%, Black = 70%.} 1/2-1/2

[Event "5th EKA IIFL Investment 2019"]
[Site "Mumbai"]
[Date "2020.01.05"]
[Round "7.3"]
[White "Yakubboev, Nodirbek"]
[Black "Yudin, Sergei"]
[Result "1-0"]
[WhiteElo "2597"]
[BlackElo "2508"]
[Annotator "TA"]
[PlyCount "61"]
[EventDate "2019.12.30"]
[EventType "swiss"]
[EventCountry "IND"]
[SourceTitle "playchess.com"]
[Source "ChessBase"]
[SourceQuality "1"]

{[%evp 16,61,35,29,34,39,21,22,34,22,29,23,23,42,34,34,114,131,124,112,124,135,125,126,116,111,118,100,117,124,114,117,327,343,325,338,348,320,319,299,282,269,756,668,1662,1656,29991,29992]} 1. e4 d6 2. d4 Nf6 3. Nc3 e5 4. Nf3 Nbd7 5. Bc4 Be7 6. a4 O-O 7. O-O a5 ({Predecessor:} 7... c6 8. h3 {1-0 (77) Solomon,K (2388)-Vianello,E (2136) Venice 2015}) 8. h3 c6 9. Re1 Nb6 {C41: Philidor Defence} 10. Ba2 $146 (10. Bf1 exd4 11. Nxd4 d5 12. e5 Ne8 13. Qf3 g6 14. Bh6 Ng7 15. Rad1 Nd7 16. Qe3 Nc5 17. Kh1 {0-1 (55) Predke,A (2676)-Morozevich,A (2659) Moscow 2019}) 10... Nfd7 11. Be3 exd4 {The position is equal.} 12. Nxd4 Nc5 $1 13. Qh5 Nbxa4 14. Nxa4 Nxa4 15. Nf3 Nb6 (15... b5 $14) 16. Ng5 $16 Bxg5 17. Bxg5 Qc7 18. Re3 $1 {[%mdl 1024] Hoping for Bf6! White has strong compensation.} Kh8 19. Rg3 $1 {White wants to mate with Bf6!} f6 20. Bf4 {aiming for Rd1.} Qe7 {[#]} 21. Rd1 $1 d5 22. Be3 $40 {[%mdl 128] White is out for blood.} ({But not} 22. exd5 Nxd5 23. Bxd5 cxd5 $14) 22... Ra6 {[#]} 23. c4 $1 d4 $2 (23... Qe8 $16 {was necessary.} 24. Qxe8 Rxe8) 24. Bxd4 $18 {And now Bc5! would win.} ({Not} 24. Rxd4 c5 $16) 24... Nd7 25. c5 b6 26. cxb6 c5 27. Bc3 {Strongly threatening e5!} Rxb6 28. f4 Bb7 $2 (28... c4 29. Bxc4 Ba6) 29. e5 fxe5 30. fxe5 Rh6 {[#]} 31. Rxd7 {Played: Qh5xh6} 1-0